| 000 | 00442nam a22001817a 4500 | ||
|---|---|---|---|
| 005 | 20251108171911.0 | ||
| 008 | 250721s9999 xx 000 0 eng d | ||
| 082 | 1 | 4 | _aR/739.4/CUR |
| 245 | 1 | 0 | _aCurrent Ironwork Encyclopedia / |
| 264 |
_bEdiciones Daly, _c[19-]. |
||
| 300 | _a4vol | ||
| 490 | 0 | _aHerreria Actual | |
| 650 | 1 | 7 | _aIronwork |
| 650 | 1 | 7 | _aDecorative Arts |
| 650 | 1 | 7 | _aEncyclopedias |
| 942 |
_2ddc _cREF |
||
| 999 |
_c65508 _d65508 |
||